[Event "Bled 2002"]
[Site "Bled"]
[Date "2002.11.06"]
[Round "11"]
[White "Zhang Zhong"]
[Black "Eingorn Vereslav"]
[Result "1/2-1/2"]
[WhiteTitle "GM"]
[WhiteElo "2620"]
[WhiteCountry "CHN"]
[BlackTitle "GM"]
[BlackElo "2600"]
[BlackCountry "UKR"]
[Remark "Bled 2002"]
[PresId "0000110033"]

1. e4 c5 2. Nf3 g6 3. d4 Bg7 4. Nc3 cxd4 5. Nxd4 Nc6 6. Be3 Nf6 7. Bc4
O-O 8. Bb3 d6 9. f3 Nxd4 10. Bxd4 Be6 11. Qd2 Rc8 12. O-O-O Bxb3 13.
cxb3 d5 14. exd5 Qxd5 15. Kb1 Qf5+ 16. Ka1 Rfd8 17. Qe2 Nd5 18. g4 Qf4
19. Bxg7 Kxg7 20. Ne4 Qe3 21. Qxe3 Nxe3 22. Rxd8 Rxd8 23. Kb1 Rd4 24.
Re1 Ng2 25. Re2 Nh4 26. Nd2 g5 27. Kc2 Rd7 28. b4 b6 29. Re3 Ng2 30.
Re4 h6 31. a4 Nf4 32. h4 e6 33. hxg5 hxg5 34. b5 f6 35. Rc4 Nd3 36. b3
f5 37. Rc8 Ne5 38. gxf5 exf5 39. Re8 Rc7+ 40. Kd1 Kf6 41. Rf8+ Ke6 42.
Rg8 Rh7 43. Kc2 Rh2 44. Kc3 Nxf3 45. Nxf3 Rh3 46. Rg6+ Kf7 47. Rxg5
Rxf3+ 48. Kc4 Kf6 49. Rg8 Re3 50. Rf8+ Kg6 51. Rg8+ Kf7 52. Rh8 Kg7
53. Rh1 Kg6 54. Rf1 Kg5 55. Rg1+ Kf6 56. Rh1 Re7 57. Rf1 Rd7 58. b4
Kg5 59. Rg1+ Kh5 60. Rf1 Kg4 61. Rg1+ Kh3 62. a5 f4 63. axb6 axb6 64.
Rg6 f3 65. Rxb6 Rf7 66. Rh6+ Kg2 67. Rg6+ Kh2 68. Rh6+ Kg2 69. Rg6+
Kh2 70. Kd5 1/2-1/2
*

[Event "Bled 2002"]
[Site "Bled"]
[Date "2002.11.06"]
[Round "11"]
[White "Moiseenko Alexander"]
[Black "Bu Xiangzhi"]
[Result "1/2-1/2"]
[WhiteTitle "GM"]
[WhiteElo "2570"]
[WhiteCountry "UKR"]
[BlackTitle "GM"]
[BlackElo "2601"]
[BlackCountry "CHN"]
[Remark "Bled 2002"]
[PresId "0000110034"]

1. d4 d5 2. c4 c6 3. Nc3 Nf6 4. Nf3 dxc4 5. a4 Bf5 6. Nh4 Bc8 7. e3 e5
8. Bxc4 exd4 9. exd4 Be7 10. O-O O-O 11. Re1 Na6 12. Nf3 Nc7 13. Bf4
Bd6 14. Be5 Be6 15. Bd3 Bg4 16. h3 Bh5 17. g4 Bg6 18. Bc4 a6 19. Nh4
b5 20. Nxg6 hxg6 21. Bf1 Rc8 22. Qf3 Ne6 23. axb5 axb5 24. Ra6 Bb8 25.
Rd1 Nd7 26. Rxc6 Rxc6 27. Qxc6 b4 28. Nd5 Nxe5 29. dxe5 Qg5 30. Qb5
Qxe5 31. Ne7+ Kh7 32. Qxe5 Bxe5 33. Nc6 Bxb2 1/2-1/2
*

[Event "Bled 2002"]
[Site "Bled"]
[Date "2002.11.06"]
[Round "11"]
[White "Calotescu Cristina"]
[Black "Zhao Xue"]
[Result "0-1"]
[WhiteTitle "WIM"]
[WhiteElo "2324"]
[WhiteCountry "ROM"]
[BlackTitle "WGM"]
[BlackElo "2367"]
[BlackCountry "CHN"]
[Remark "Bled 2002"]
[PresId "1000110023"]

1. c4 Nf6 2. Nf3 e6 3. g3 d5 4. Bg2 Be7 5. O-O O-O 6. d4 dxc4 7. Ne5
Nc6 8. Bxc6 bxc6 9. Nxc6 Qe8 10. Nxe7+ Qxe7 11. Qa4 c5 12. Qxc4 cxd4
13. Qxd4 e5 14. Qh4 Rb8 15. b3 Rd8 16. Na3 Rd4 17. Qg5 h6 18. Qe3 Nd5
19. Qf3 Bb7 20. Re1 Qd7 21. Nc4 Nf4 22. e4 Bxe4 23. Qc3 Qh3 0-1


[Event "Bled 2002"]
[Site "Bled"]
[Date "2002.11.07"]
[Round "12"]
[White "Short Nigel"]
[Black "Xu Jun"]
[Result "1/2-1/2"]
[WhiteTitle "GM"]
[WhiteElo "2684"]
[WhiteCountry "ENG"]
[BlackTitle "GM"]
[BlackElo "2643"]
[BlackCountry "CHN"]
[Remark "Bled 2002"]
[PresId "0000120032"]

1. e4 c5 2. Nf3 d6 3. d4 cxd4 4. Nxd4 Nf6 5. Nc3 a6 6. Be2 e5 7. Nb3
Be7 8. g4 h6 9. f4 exf4 10. Bxf4 Nc6 11. Rg1 Be6 12. Qd2 d5 13. O-O-O
dxe4 14. Qe3 Qc8 15. a3 Bxb3 16. cxb3 Nd8 17. Kb1 Ne6 18. Nxe4 Nxe4
19. Qxe4 Nxf4 20. Qxf4 O-O 21. Bc4 b5 22. Bd5 Ra7 23. b4 Bg5 24. Qf2
Re7 25. Rg2 Re5 26. Bb3 Qc6 27. Ka2 1/2-1/2
*

[Event "Bled 2002"]
[Site "Bled"]
[Date "2002.11.07"]
[Round "12"]
[White "Mkrtchian Lilit"]
[Black "Xu Yuhua"]
[Result "1/2-1/2"]
[WhiteTitle "WGM"]
[WhiteElo "2409"]
[WhiteCountry "ARM"]
[BlackTitle "WGM"]
[BlackElo "2473"]
[BlackCountry "CHN"]
[Remark "Bled 2002"]
[PresId "1000120022"]

1. d4 Nf6 2. Nf3 e6 3. e3 b6 4. Bd3 Bb7 5. O-O c5 6. c4 Be7 7. Nc3 d5
8. cxd5 exd5 9. Bb5+ Kf8 10. dxc5 bxc5 11. b3 a6 12. Bd3 Nbd7 13. Qe2
Qc7 14. e4 dxe4 15. Nxe4 Re8 16. Ng3 Bd6 17. Qd1 Ne5 18. Be2 h5 19.
Ba3 g6 20. Nxe5 Rxe5 21. Bf3 Bc8 22. Bb2 Re6 23. Re1 Be5 24. Qd2 h4
1/2-1/2
*

[Event "Bled 2002"]
[Site "Bled"]
[Date "2002.11.07"]
[Round "12"]
[White "Zhao Xue"]
[Black "Galojan Lilit"]
[Result "1-0"]
[WhiteTitle "WGM"]
[WhiteElo "2367"]
[WhiteCountry "CHN"]
[BlackElo "2236"]
[BlackCountry "ARM"]
[Remark "Bled 2002"]
[PresId "1000120023"]

1. d4 Nf6 2. c4 e6 3. g3 d5 4. Nf3 Bb4+ 5. Bd2 Be7 6. Bg2 O-O 7. O-O
c6 8. Qc2 b6 9. Rd1 Bb7 10. Bf4 Nh5 11. Bc1 Nd7 12. Nc3 f5 13. b3 Kh8
14. Na4 Rc8 15. Nb2 b5 16. c5 a5 17. Nd3 g5 18. Nfe5 Nxe5 19. dxe5 Qe8
20. f3 Qg6 21. Bb2 Ra8 22. Bd4 Ng7 23. Rf1 Bc8 24. e4 Bd7 25. exd5
cxd5 26. Rac1 Bc6 27. Qd2 Ra7 28. Rfe1 Bd8 29. Nf2 Kg8 30. Bf1 Rb7 31.
Bd3 h5 32. Nd1 h4 33. g4 Qf7 34. Ne3 f4 35. Nc2 Bc7 36. Bf2 Qd7 37.
Nd4 b4 38. Bb1 Rf7 39. Qd3 Bd8 40. Qh7+ Kf8 41. Bg6 Qe8 42. Nxc6 Qxc6
43. Qh8+ Ke7 44. Bxf7 Kxf7 45. Qxd8 Re7 46. Qxa5 Rb7 47. Qd8 1-0
*

[Event "Bled 2002"]
[Site "Bled"]
[Date "2002.11.08"]
[Round "13"]
[White "Xu Jun"]
[Black "Cvitan Ognjen"]
[Result "0-1"]
[WhiteTitle "GM"]
[WhiteElo "2643"]
[WhiteCountry "CHN"]
[BlackTitle "GM"]
[BlackElo "2562"]
[BlackCountry "CRO"]
[Remark "Bled 2002"]
[PresId "0000130032"]

1. d4 Nf6 2. c4 e6 3. Nc3 Bb4 4. e3 c5 5. Ne2 d5 6. a3 Bxc3+ 7. Nxc3
cxd4 8. exd4 dxc4 9. Bxc4 Nc6 10. Be3 O-O 11. O-O h6 12. Bd3 Ne7 13.
Bf4 Ned5 14. Nxd5 Nxd5 15. Be5 Bd7 16. Re1 Bc6 17. Bc2 Rc8 18. Qd3 f5
19. Bb3 Qg5 20. f3 a6 21. Bc4 Kh7 22. Bg3 Rf6 23. Rac1 Bb5 24. b3 Rg6
25. a4 Bxc4 26. bxc4 Nb4 27. Qb1 a5 28. f4 Qd8 29. Bf2 Rxc4 30. Rxc4
Qd5 31. g3 Qxc4 32. Rc1 Qe2 33. Rc8 Nd5 34. Qf1 Qf3 35. Qg2 Qb3 36.
Qf1 Nxf4 37. Rc5 Qxa4 38. Rc7 Qb3 0-1
*

[Event "Bled 2002"]
[Site "Bled"]
[Date "2002.11.08"]
[Round "13"]
[White "Zelcic Robert"]
[Black "Zhang Zhong"]
[Result "0-1"]
[WhiteTitle "GM"]
[WhiteElo "2554"]
[WhiteCountry "CRO"]
[BlackTitle "GM"]
[BlackElo "2620"]
[BlackCountry "CHN"]
[Remark "Bled 2002"]
[PresId "0000130033"]

1. e4 c5 2. Nf3 Nc6 3. d4 cxd4 4. Nxd4 Nf6 5. Nc3 d6 6. Be2 e5 7. Nf3
h6 8. O-O Be7 9. Re1 O-O 10. h3 Be6 11. Bf1 Rc8 12. Nd5 Bxd5 13. exd5
Nb8 14. c4 Nbd7 15. Nh4 Ne8 16. Nf5 Bg5 17. Qg4 Bxc1 18. Raxc1 Kh7 19.
Bd3 g6 20. Nh4 Rg8 21. b4 b6 22. Bb1 Nef6 23. Qd1 Rc7 24. Nf3 Kg7 25.
Nd2 Qc8 26. Bc2 a5 27. a3 axb4 28. axb4 b5 29. cxb5 Qb7 30. Ne4 Nxe4
31. Bxe4 Rxc1 32. Qxc1 Qxb5 33. Qd2 Rb8 34. Rb1 Nf6 35. Bf3 h5 36. Qc3
Rb6 37. Qc7 e4 38. Be2 Nxd5 39. Qc2 Qe8 40. Qb2+ Qe5 41. Qxe5+ dxe5
42. b5 Nc3 43. Rb2 Nxe2+ 44. Rxe2 f5 45. Rb2 Kf6 46. Kf1 Ke6 47. Ke2
Kd5 48. Rd2+ Ke6 49. Rb2 Kd5 50. Rd2+ Kc5 51. Rc2+ Kxb5 52. Rc7 Rc6
53. Re7 Kc4 54. Rxe5 Kd4 55. Re8 h4 56. Rh8 Rc2+ 57. Kf1 Rc1+ 58. Ke2
Ra1 59. Rg8 Ra6 60. Rh8 Ra2+ 61. Kf1 Ra1+ 62. Ke2 Rg1 63. Rxh4 Rxg2
64. Kf1 Rg5 65. Rh8 Ke5 66. Rb8 Rh5 67. Rb6 g5 68. Rb5+ Kf4 69. Kg2
Rh8 70. Ra5 Rb8 71. Rc5 Ra8 72. Rb5 Ra2 73. Rb3 Ke5 74. Rb5+ Kf6 75.
Rb6+ Kf7 76. Rb7+ Kg6 77. Rb6+ Kh5 78. Re6 Rb2 79. Re8 Rc2 80. Kf1
Rc1+ 81. Kg2 Re1 82. Rh8+ Kg6 83. Rg8+ Kf6 84. Rf8+ Kg6 85. Rg8+ Kh6
86. Rf8 f4 87. Re8 Kg6 88. Rg8+ Kf5 89. Rf8+ Ke5 90. Re8+ Kd4 91. Rd8+
Kc4 92. Rc8+ Kd3 93. Ra8 f3+ 94. Kh2 Rf1 95. Ra2 Kd4 96. Kg3 Rg1+ 97.
Kh2 Rg2+ 98. Kh1 Ke5 99. h4 g4 100. h5 g3 0-1
*

[Event "Bled 2002"]
[Site "Bled"]
[Date "2002.11.08"]
[Round "13"]
[White "Bu Xiangzhi"]
[Black "Stevic Hrvoje"]
[Result "1-0"]
[WhiteTitle "GM"]
[WhiteElo "2601"]
[WhiteCountry "CHN"]
[BlackTitle "GM"]
[BlackElo "2512"]
[BlackCountry "CRO"]
[Remark "Bled 2002"]
[PresId "0000130034"]

1. d4 d5 2. c4 dxc4 3. Nf3 Nf6 4. e3 e6 5. Bxc4 c5 6. O-O a6 7. Bb3
Nc6 8. Nc3 cxd4 9. exd4 Be7 10. Re1 O-O 11. a3 b5 12. d5 exd5 13. Nxd5
Nxd5 14. Bxd5 Bb7 15. Ne5 Na5 16. Bxb7 Qxd1 17. Rxd1 Nxb7 18. Be3 Na5
19. Rac1 Bf6 20. Nd7 Bxb2 21. Rc2 Bxa3 22. Ra2 Nc4 23. Rxa3 Nxa3 24.
Nxf8 Rxf8 25. Bc5 Nc4 26. Bxf8 Kxf8 27. Kf1 Ke7 28. Ke2 Ke6 29. Rd8 a5
30. Kd3 Ne5+ 31. Kc3 Nc6 32. Re8+ Kd5 33. Rg8 g6 34. Rg7 a4 35. Rxf7
b4+ 36. Kb2 Ne5 37. Ra7 Nc4+ 38. Ka1 a3 39. Ka2 Kc5 40. Rxh7 Kb5 41.
h4 Ka4 42. Ra7+ Na5 43. Rxa5+ Kxa5 44. Kb3 1-0
*

[Event "Bled 2002"]
[Site "Bled"]
[Date "2002.11.08"]
[Round "13"]
[White "Xu Yuhua"]
[Black "Zhukova Natalia"]
[Result "0-1"]
[WhiteTitle "WGM"]
[WhiteElo "2473"]
[WhiteCountry "CHN"]
[BlackTitle "WGM"]
[BlackElo "2436"]
[BlackCountry "UKR"]
[Remark "Bled 2002"]
[PresId "1000130011"]

1. e4 e6 2. d4 d5 3. e5 c5 4. c3 Nc6 5. Nf3 Bd7 6. Be2 f6 7. O-O Qc7
8. Bf4 O-O-O 9. Bg3 f5 10. dxc5 Bxc5 11. b4 Be7 12. Qc1 Nh6 13. Na3
Nf7 14. h4 h6 15. h5 Bg5 16. Nxg5 hxg5 17. f4 g4 18. Nb5 Qb8 19. c4 d4
20. Qb2 Rxh5 21. Nxd4 Nxd4 22. Qxd4 Bc6 23. Qc5 Qc7 24. b5 Be4 25.
Qxa7 Rd2 26. Rfe1 g5 27. Rad1 Rxd1 28. Rxd1 b6 29. Qa3 Rh8 30. c5 gxf4
31. Bxf4 Qxc5+ 32. Qxc5+ bxc5 33. Rc1 Kd7 34. Rxc5 Ra8 35. Bc4 Nd8 36.
Bb3 Nb7 37. Rc1 Na5 38. Ba4 Bd5 39. Rc2 Nc4 40. Bb3 Nb6 41. Rd2 Kc7
42. Be3 Bxb3 43. Bxb6+ Kxb6 44. axb3 Kxb5 45. Rd6 Ra6 46. Rd3 Ra2 47.
Rd6 g3 48. Kf1 Rf2+ 49. Kg1 Re2 50. Kf1 Rxe5 51. Rd3 f4 52. Rd4 Rf5
53. Ke2 e5 54. Re4 Kc5 55. Kf3 Kd5 56. Re1 Rf8 57. Rd1+ Ke6 58. b4 Ra8
59. Rb1 Ra2 60. b5 Kf5 0-1
*

[Event "Bled 2002"]
[Site "Bled"]
[Date "2002.11.08"]
[Round "13"]
[White "Vasilevich Tatjana"]
[Black "Wang Pin"]
[Result "1/2-1/2"]
[WhiteTitle "WGM"]
[WhiteElo "2415"]
[WhiteCountry "UKR"]
[BlackTitle "WGM"]
[BlackElo "2473"]
[BlackCountry "CHN"]
[Remark "Bled 2002"]
[PresId "1000130012"]

1. d4 Nf6 2. c4 g6 3. Nc3 Bg7 4. e4 d6 5. Nf3 O-O 6. Be2 e5 7. O-O Nc6
8. d5 Ne7 9. b4 Nh5 10. Re1 f5 11. Ng5 Nf6 12. Bf3 c6 13. Qb3 cxd5 14.
cxd5 fxe4 15. Ncxe4 Nxe4 16. Bxe4 Nf5 17. Ne6 Bxe6 18. dxe6 Qe7 19.
Bb2 Kh8 20. Rad1 Rad8 21. Rd3 Rfe8 22. Bd5 Bf6 23. Qa4 a6 24. b5 axb5
25. Qxb5 Ng7 26. Qxb7 Qxb7 27. Bxb7 Rb8 28. Rb3 Nxe6 29. Bd5 Nf4 30.
Rd1 Nxd5 31. Rxd5 Rxb3 32. axb3 Rb8 33. Rxd6 Rxb3 34. Rxf6 Rxb2 35. g3
Rb5 36. Re6 Kg8 37. Re7 h5 38. h4 Kf8 39. Ra7 Rb1+ 40. Kg2 Re1 41. f3
Re2+ 42. Kf1 Rb2 43. Ra5 Rb1+ 44. Kf2 Rb2+ 45. Kf1 Rb1+ 46. Kf2 Rb2+
47. Kf1 1/2-1/2
*

[Event "Bled 2002"]
[Site "Bled"]
[Date "2002.11.08"]
[Round "13"]
[White "Zhao Xue"]
[Black "Gaponenko Inna"]
[Result "1-0"]
[WhiteTitle "WGM"]
[WhiteElo "2367"]
[WhiteCountry "CHN"]
[BlackTitle "WGM"]
[BlackElo "2411"]
[BlackCountry "UKR"]
[Remark "Bled 2002"]
[PresId "1000130013"]

1. d4 Nf6 2. c4 g6 3. Nc3 Bg7 4. e4 d6 5. Nf3 O-O 6. Be2 e5 7. Be3 Ng4
8. Bg5 f6 9. Bh4 Nc6 10. d5 Ne7 11. Nd2 Nh6 12. f3 g5 13. Bf2 f5 14.
c5 g4 15. fxg4 Nxg4 16. Bxg4 fxg4 17. O-O Ng6 18. Nc4 dxc5 19. Bxc5
Rxf1+ 20. Qxf1 Bh6 21. Qf2 b6 22. Be3 Bxe3 23. Nxe3 Bd7 24. Rf1 Qf8
25. Nf5 Nf4 26. Qh4 Bxf5 27. exf5 Qxf5 28. g3 Qh5 29. Qe7 Nh3+ 30. Kh1
Re8 31. Qxc7 Rf8 32. Rxf8+ Kxf8 33. Qd8+ Qe8 34. Qf6+ Kg8 35. Ne4 Qa4
36. Qe6+ Kf8 37. Qf5+ Ke8 38. Qxe5+ Kd8 39. Qh8+ Kc7 40. Qxh7+ Kb8 41.
Qg8+ Kb7 42. Qf7+ Ka8 43. Qf8+ Kb7 44. Nd6+ Ka6 45. Qc8+ Ka5 46. Qc3+
Ka6 47. b3 Qd7 48. Qc6 1-0
*
[Site "Bled"]
[Date "2002.11.10"]
[Round "14"]
[White "Polgar Judit"]
[Black "Xu Jun"]
[Result "1/2-1/2"]
[WhiteTitle "GM"]
[WhiteElo "2685"]
[WhiteCountry "HUN"]
[BlackTitle "GM"]
[BlackElo "2643"]
[BlackCountry "CHN"]
[Remark "Bled 2002"]
[PresId "0000140022"]

1. e4 c5 2. Nf3 d6 3. d4 cxd4 4. Nxd4 Nf6 5. Nc3 a6 6. Be3 e6 7. f4
Qc7 8. a4 Nc6 9. Be2 Be7 10. O-O O-O 11. Kh1 Re8 12. Qe1 Nxd4 13. Bxd4
e5 14. fxe5 dxe5 15. Qg3 Bd8 16. Be3 Kh8 17. Bg5 Be6 18. Rad1 Be7 19.
Bxf6 Bxf6 20. Rd2 1/2-1/2

*
[Site "Bled"]
[Date "2002.11.10"]
[Round "14"]
[White "Zhang Zhong"]
[Black "Almasi Zoltan"]
[Result "0-1"]
[WhiteTitle "GM"]
[WhiteElo "2620"]
[WhiteCountry "CHN"]
[BlackTitle "GM"]
[BlackElo "2672"]
[BlackCountry "HUN"]
[Remark "Bled 2002"]
[PresId "0000140023"]

1. e4 e5 2. Nf3 Nc6 3. Bb5 Nf6 4. d3 d6 5. O-O Bd7 6. c3 g6 7. Re1 Bg7
8. Nbd2 O-O 9. Nf1 Nh5 10. Ba4 Qe8 11. Bc2 Kh8 12. h3 f5 13. d4 f4 14.
b4 exd4 15. cxd4 Nxb4 16. Bb3 Bb5 17. a4 Ba6 18. Ng5 Nd3 19. Ne6 f3
20. Re3 Nhf4 21. Nxg7 Kxg7 22. Ng3 fxg2 23. Rxd3 Nxd3 24. Be3 Qd7 25.
Bc2 Nf4 26. Qd2 Nxh3+ 27. Kxg2 Qg4 28. Rh1 Nf4+ 29. Bxf4 Qxf4 30. Qxf4
Rxf4 31. f3 Raf8 32. Bd1 d5 33. Re1 h5 34. Re3 h4 0-1

*
[Site "Bled"]
[Date "2002.11.10"]
[Round "14"]
[White "Gyimesi Zoltan"]
[Black "Ni Hua"]
[Result "1-0"]
[WhiteTitle "GM"]
[WhiteElo "2596"]
[WhiteCountry "HUN"]
[BlackTitle "FM"]
[BlackElo "2545"]
[BlackCountry "CHN"]
[Remark "Bled 2002"]
[PresId "0000140024"]

1. d4 Nf6 2. c4 g6 3. Nc3 d5 4. Nf3 Bg7 5. Qb3 dxc4 6. Qxc4 O-O 7. e4
Na6 8. Be2 c5 9. d5 e6 10. O-O exd5 11. exd5 Bf5 12. Be3 Re8 13. Rad1
Qb6 14. b3 Rad8 15. Na4 Qc7 16. d6 Qc8 17. Ng5 Rd7 18. Qc1 Red8 19.
Bf4 Nb4 20. Bb5 Nfd5 21. Bxd7 Rxd7 22. Bg3 b5 23. Qxc5 Qb7 24. Rfe1
Rd8 25. d7 Qxd7 26. Re7 Qc6 27. Qxb4 Nxb4 28. Rxd8+ Bf8 29. Rc7 bxa4
30. Rxc6 Nxc6 31. Ra8 axb3 32. axb3 Kg7 33. Nf3 f6 34. Bf4 Be6 35. Be3
Bxb3 36. Nd4 Nxd4 37. Bxd4 Be7 38. Rxa7 Kf8 39. Rc7 g5 40. Bc5 Bxc5
41. Rxc5 Kf7 42. h4 Kg6 43. hxg5 fxg5 44. Rc6+ Kf7 45. Rh6 Bc2 46. Rb6
Bf5 47. f3 h5 48. Kf2 h4 49. Ke3 Kg7 50. Ra6 Kf7 51. Kd4 g4 52. Ke5
Bc8 53. Rf6+ Kg7 54. fxg4 Bxg4 55. Rf4 Be2 56. Rxh4 Kg6 57. Kf4 Bf1
58. g3 Bd3 59. Rg4+ Kf6 60. Rg5 Bc2 61. Rb5 1-0

*
[Site "Bled"]
[Date "2002.11.10"]
[Round "14"]
[White "Ye Jiangchuan"]
[Black "Leko Peter"]
[Result "1/2-1/2"]
[WhiteTitle "GM"]
[WhiteElo "2667"]
[WhiteCountry "CHN"]
[BlackTitle "GM"]
[BlackElo "2743"]
[BlackCountry "HUN"]
[Remark "Bled 2002"]
[PresId "0000140021"]

1. e4 e5 2. Nf3 Nf6 3. Nxe5 d6 4. Nf3 Nxe4 5. d4 d5 6. Bd3 Be7 7. O-O
Nc6 8. c4 Nf6 9. Nc3 O-O 10. h3 Nb4 11. Be2 dxc4 12. Bxc4 1/2-1/2

*

[Site "Bled"]
[Date "2002.11.10"]
[Round "14"]
[White "Xu Yuhua"]
[Black "Aleksieva-Collas Silvia"]
[Result "1-0"]
[WhiteTitle "WGM"]
[WhiteElo "2473"]
[WhiteCountry "CHN"]
[BlackTitle "WGM"]
[BlackElo "2342"]
[BlackCountry "BUL"]
[Remark "Bled 2002"]
[PresId "1000140012"]

1. e4 g6 2. d4 Bg7 3. Nc3 d6 4. Be3 a6 5. Qd2 Nd7 6. Nf3 b5 7. a4 b4
8. Ne2 Bb7 9. Ng3 c5 10. a5 Qc7 11. Bc4 e6 12. dxc5 Bxb2 13. Bd4 Bxa1
14. Bxa1 Qxc5 15. Bxe6 fxe6 16. Bxh8 Ngf6 17. O-O O-O-O 18. Bxf6 Nxf6
19. Ng5 Re8 20. Rb1 d5 21. Rxb4 h6 22. e5 hxg5 23. exf6 Rf8 24. Rg4
Rxf6 25. Rxg5 Qc4 26. h3 Bc6 27. Re5 Bd7 28. Re3 Kd8 29. Ne2 Ke7 30.
Nd4 Qa4 31. Nf3 Kf8 32. Qc3 Ke7 33. Ne5 Qf4 34. Ng4 Rf7 35. Qa3+ Qd6
36. Qd3 g5 37. Nh6 d4 38. Nxf7 1-0

*
[Site "Bled"]
[Date "2002.11.10"]
[Round "14"]
[White "Voiska Margarita"]
[Black "Zhao Xue"]
[Result "0-1"]
[WhiteTitle "WGM"]
[WhiteElo "2354"]
[WhiteCountry "BUL"]
[BlackTitle "WGM"]
[BlackElo "2367"]
[BlackCountry "CHN"]
[Remark "Bled 2002"]
[PresId "1000140013"]

1. c4 Nf6 2. g3 e6 3. Bg2 d5 4. Nf3 dxc4 5. Qa4+ Nbd7 6. Qxc4 a6 7.
Qc2 c5 8. O-O b6 9. b3 Bb7 10. Bb2 Rc8 11. d3 Be7 12. Nbd2 O-O 13.
Rac1 b5 14. Qb1 Qb6 15. Rfd1 Rfd8 16. Qa1 Bf8 17. a3 Qa7 18. Bc3 Nd5
19. Ba5 Re8 20. e4 Ne7 21. Bc3 Red8 22. Nf1 c4 23. dxc4 Bxe4 24. Ba5
Re8 25. N1d2 Bc6 26. b4 Qb7 27. Bf1 e5 28. Bh3 g6 29. Nb3 Nf5 30. Nfd2
Bg7 31. Qb1 Nd4 32. Nxd4 exd4 33. Re1 f5 34. cxb5 axb5 35. Rxe8+ Rxe8
36. Re1 Ne5 37. Bf1 Rc8 38. h3 Bd5 39. f4 d3 40. Bxd3 Nxd3 41. Qxd3
Rc3 42. Qe2 Rxg3+ 43. Kf1 Bf7 44. Qh2 Rxa3 45. Re2 Qd7 46. Bb6 Ra1+
47. Kf2 Bd4+ 48. Bxd4 Qxd4+ 0-1

*
[Site "Bled"]
[Date "2002.11.10"]
[Round "14"]
[White "Stefanova Antoaneta"]
[Black "Zhu Chen"]
[Result "1/2-1/2"]
[WhiteTitle "GM"]
[WhiteElo "2541"]
[WhiteCountry "BUL"]
[BlackTitle "GM"]
[BlackElo "2509"]
[BlackCountry "CHN"]
[Remark "Bled 2002"]
[PresId "1000140011"]

1. d4 d5 2. c4 c6 3. cxd5 cxd5 4. Nc3 Nf6 5. Bf4 a6 6. e3 Nc6 7. Bd3
Bg4 8. Nge2 e6 9. O-O Be7 10. f3 Bh5 11. Rc1 Bg6 12. Na4 Bxd3 13. Qxd3
Nh5 14. Nc5 Nxf4 15. Nxf4 Bxc5 16. Rxc5 O-O 17. Rfc1 g6 18. a3 a5 19.
Qb5 a4 20. Nd3 Ra6 21. Nb4 Nxb4 22. Qxb4 Rb6 23. Rb5 Rxb5 24. Qxb5 Qa8
25. Rc7 Qa6 26. Rxb7 Qxb5 27. Rxb5 Rc8 28. Rb4 Rc2 29. h4 h5 30. Kh2
Re2 31. Kg3 Kg7 32. Rxa4 Rxb2 33. Rb4 Re2 34. Rb3 Kf6 35. a4 Ra2 36.
Rb4 Kf5 37. Rb7 Kf6 38. Rb4 Kf5 39. Rb5 Rxa4 40. e4+ Kf6 41. exd5 Rxd4
42. dxe6 Kxe6 43. Rb6+ Ke5 1/2-1/2

*